Postavenie a úlohy supervízora v pomáhajúcich profesiách

Vývoj supervízie. Supervízor - motivácia a výcvik supervízorov na Slovensku. Kritériá na vstup do výcviku supervízorov. Vlastnosti supervízora a metódy práce. Schopnosti, zručnosti a poznatky ideálneho supervízora. Prekážky a bariéry supervízneho procesu - výsledky prieskumu. Neprimerané očakávania...

Descrizione completa

Salvato in:
Dettagli Bibliografici
Autore principale: Kušnieriková, Jana
Altri autori: Mojtová, Martina
Natura: Capitolo di libro
Lingua:slovacco
Soggetti:
Tags: Aggiungi Tag
Nessun Tag, puoi essere il primo ad aggiungerne!!

MARC

LEADER 00000nla a2200000 4500
001 0214746
005 20240417075105.7
041 0 |a slo 
044 |a CZ 
245 1 0 |a Postavenie a úlohy supervízora v pomáhajúcich profesiách  |c Jana Kušnieriková, Martina Mojtová 
520 |a Vývoj supervízie. Supervízor - motivácia a výcvik supervízorov na Slovensku. Kritériá na vstup do výcviku supervízorov. Vlastnosti supervízora a metódy práce. Schopnosti, zručnosti a poznatky ideálneho supervízora. Prekážky a bariéry supervízneho procesu - výsledky prieskumu. Neprimerané očakávania a požiadavky na supervízora. 
610 2 0 |a supervízia 
610 2 0 |a supervízori 
610 2 0 |a práca sociálna 
610 2 0 |a riadenie 
610 2 0 |a vzdelávanie 
610 2 0 |a kvalifikácia 
610 2 0 |a prieskum 
100 1 |a Kušnieriková, Jana 
700 1 |a Mojtová, Martina